| 000 | 00652nam a22001577a 4500 | ||
|---|---|---|---|
| 003 | OSt | ||
| 005 | 20150928185056.0 | ||
| 008 | 150928b xxu||||| |||| 00| 0 eng d | ||
| 040 | _cRUA | ||
| 082 | _aAGR MAO 2010 B060 Or.1 | ||
| 100 |
_91535 _aMAO SOVANNE |
||
| 245 | _aThe study on rice production technique of farmers in thmorkoul district, battambang province, សិក្សាបច្ចេកទេសផលិតកម្មស្រូវរបស់កសិករ នៅស្រុកថ្មគោល ខេត្តបាត់ដំបង)) | ||
| 260 |
_aphnom penh _bRUA _c2010 |
||
| 300 |
_ax, 57p. _bill. _c29cm. |
||
| 942 |
_2ddc _cAGR |
||
| 999 |
_c1443 _d1443 |
||